000 00225nam a2200097Ia 4500
005 20251222114406.0
008 251222s1900||||xx |||||||||||||| ||spa||
082 _aDVD0099/H79/1995
245 0 _aMistery of the Maya:
942 _cDVD
999 _c1822
_d1822